000 01233nam a2200253 a 4500
001 BRCA_8779
005 20190320210416.0
008 040417c--------ag-a######---#000-0#----#
041 _aspa
044 _asp
084 _aBE150
_b.P58 1785
100 1 _aPluche, Noël Antoine
_d1688-1761
_921346
245 1 0 _aEspectáculo de la naturaleza o conversaciones acerca de las particularidades de la historia natural, que han parecido más a propósito para excitar una curiosidad útil y formarles la razón a los jóvenes lectores, que contiene lo que mira al hombre considerado en mi
_cescrito en idioma francés por el abad M. Pluche ; y traducido al castellano.
250 _a3a ed.
260 _aMadrid
_bEn la Imprenta de Benito Cano
_c1785
300 _a[2], 278 p.
_bil., 17 h. plegables
_c20.6 x 14.5 cm.
500 _aCon las licencias necesarias
500 _aEstado físico : presenta encuadernación en pergamino, con presencia del pez de plata y algunas hojas manchadas
505 0 _aContenido : t.10, pte.5. Que contiene lo que mira al hombre, considerado en sí mismo
650 1 4 _aCiencias naturales
_yObras anteriores a 1800
_921347
700 1 _aCano, Benito
_eImpresor
_921878
902 _aCFM
942 _2lcc
_cB
999 _c8430
_d8430